000 00569nam a2200217Ia 4500
003 OSt
005 20240809103456.0
008 210210b1989 xxu||||| |||| 00| 0 eng d
040 _cAL
041 _aEng
082 _a809.88914 SAHJ
100 _aSAHITYA AKADEMI.
_9176094
245 _aJadunath Sarkar: Makers of Indian literature
260 _aN D
_bSahitya Akademi
_c1989
300 _avi,90
650 _aJadunath Sarkar
_9176095
690 _aIndian Literature
_9176096
700 _aAnil Chandra Banerjee.
_9176097
906 _a053683
942 _2ddc
_cBK
999 _c101516
_d101516